| 000 | 00371nam a22001457a 4500 | ||
|---|---|---|---|
| 005 | 20250322111244.0 | ||
| 008 | 250322b |||||||| |||| 00| 0 eng d | ||
| 020 | _a9780751337358 | ||
| 050 |
_aHD31 _bSUC |
||
| 245 | _aSuccessful manager's handbook | ||
| 260 |
_aLondon _bDorling Kindersley Ltd _cc2002 |
||
| 300 |
_a864p; _bill.; |
||
| 700 | _aMoi Ali | ||
| 942 |
_2lcc _cBK _n0 |
||
| 999 |
_c5076 _d5076 |
||